| 000 | 00911nam a2200241Ia 4500 | ||
|---|---|---|---|
| 005 | 20250108125118.0 | ||
| 008 | 008 250107s9999 xx 000 0 hin d | ||
| 020 | _a9978-93-91570-62-0 | ||
| 037 | _aTB | ||
| 040 |
_aCRL _bhin _cCRL |
||
| 041 |
_aurh _2hin |
||
| 084 | _aV271:51(J).N47 Q5 | ||
| 084 | _qCRL | ||
| 100 | _aहनफी, मुजफ्फर, ले. | ||
| 245 | 0 |
_aहिन्दुस्तान में उर्दू _cहनफी, मुजफ्फर, ले. |
|
| 260 |
_aनई दिल्ली, भारत _bमुजफ्फर हनफी मेमोरियल सोसाईटी _c3355 |
||
| 300 | _a308पृ0 | ||
| 365 |
_aINR _b995 |
||
| 546 | _aTranslated from Urdu to Hindi | ||
| 650 |
_aउर्दू कविताउर्दू साहित्य _9729877 |
||
| 942 |
_cTB _hV271:51(J).N47 Q5 |
||
| 999 |
_c1235743 _d1235743 |
||